000 01387cam a2200265 4500
001 ABS67820
008 040517n2004 000 0 eng u
035 _a(Sirsi) u126217
100 _aDermisi, S.
245 _aInternet versus traditional office sales
260 _c2004
490 _aProperty Management
_v22(2) 2004, 155-165(11)
520 _aFocuses on a comparison between internet and traditionally presented and transacted office properties for sale in Boston and London. Provides a better understanding of the effect of the internet on the real estate office market based on a data driven, rather than an opinion based study. A study of both cities for a six-month period, from September 2000 to February 2001, indicated that small properties are more likely to be sold through the internet than in the traditional office market. Moreover, in both cities, there are differences in the distributions of price per square foot and area in square feet between internet and traditionally transacted office properties. Maps, tables and references. [Taken from journal abstract].
590 _aABS
590 _aABS
650 _aINTERNET MARKETING
650 _aOFFICE BUILDINGS
650 _aUNITED STATES
650 _aUNITED KINGDOM
650 _aOFFICE MARKET
650 _aBOSTON
650 _aLONDON
690 _aCOMMERCIAL PROPERTY-MARKET
942 _n0
999 _c117361
_d117361